[Event "Ukrainian Women Championship"]
[Site "Odessa"]
[Date "2006.11.27"]
[EventDate "2006.11.26"]
[Round "2"]
[Result "0-1"]
[White "Svetlana Fomichenko"]
[Black "Anna Ushenina"]
[WhiteElo "2228"]
[BlackElo "2430"]
[PlyCount "100"]

1. e4 c5 2. Nf3 e6 3. d4 cxd4 4. Nxd4 a6 5. Nc3 Qc7 6. Bd3 Nf6
7. O-O b5 8. Kh1 Bb7 9. a3 Nc6 10. Be3 Ne5 11. f4 Nc4 12. Bxc4
Qxc4 13. Qd3 Rc8 14. Bg1 d6 15. Rfe1 Be7 16. Nb3 Qc7 17. Rad1
O-O 18. Nd4 Rfe8 19. Qg3 Bf8 20. Nf3 e5 21. f5 Bc6 22. Rd2 Qb7
23. Rde2 b4 24. axb4 Qxb4 25. Nd2 Nh5 26. Qe3 Nf4 27. Rf2 d5
28. Qg3 d4 29. Nd1 Nh5 30. Qh3 Nf6 31. c3 dxc3 32. bxc3 Qb7
33. Rfe2 Bb5 34. Re3 Rcd8 35. Nf3 Bc5 36. Nf2 Bxe3 37. Rxe3
Bc6 38. Re1 a5 39. Ng4 Nxg4 40. Qxg4 f6 41. h4 a4 42. Bc5 Ra8
43. Nd2 a3 44. Bb4 a2 45. Ra1 Red8 46. Qe2 Qa6 47. c4 Qa4
48. Bc3 Qc2 49. Qe3 Rd3 50. Qc5 Qxc3 0-1

[Event "Ukrainian Women Championship"]
[Site "Odessa"]
[Date "2006.12.02"]
[EventDate "2006.11.26"]
[Round "7"]
[Result "0-1"]
[White "Mariya Muzychuk"]
[Black "Anna Ushenina"]
[WhiteElo "2278"]
[BlackElo "2430"]
[PlyCount "86"]

1. e4 c5 2. Nf3 Nc6 3. Bb5 g6 4. O-O Bg7 5. c3 Nf6 6. d4 cxd4
7. cxd4 Nxe4 8. d5 Nd6 9. Ba4 b5 10. Bc2 Na5 11. Nc3 O-O
12. Re1 Nac4 13. Rb1 Bb7 14. Ne2 Rc8 15. Nf4 e5 16. b3 exf4
17. bxc4 Rxc4 18. Ba3 Qb6 19. Bd3 Rc3 20. Bb4 Rcc8 21. Qd2
Rfe8 22. Qxf4 Nc4 23. Bxc4 bxc4 24. Be7 Qa6 25. Nd4 Bxd5
26. Nb5 Rb8 27. Nc7 Rxb1 28. Rxb1 Qxa2 29. Rc1 Rxe7 30. Nxd5
Re8 31. g3 c3 32. Nxc3 Bxc3 33. Rxc3 Qa1+ 34. Rc1 Re1+
35. Rxe1 Qxe1+ 36. Kg2 Qa1 37. Qd6 Kg7 38. g4 a5 39. h4 a4
40. h5 gxh5 41. gxh5 Qf6 42. Qg3+ Kh6 43. f4 Qg7 0-1

[Event "Women's World Team Championship"]
[Site "Ekaterinburg RUS"]
[Date "2007.05.20"]
[EventDate "2007.05.20"]
[Round "1"]
[Result "0-1"]
[White "Lilit Mkrtchian"]
[Black "Anna Ushenina"]
[WhiteElo "2424"]
[BlackElo "2475"]
[PlyCount "72"]

1. e4 c5 2. Nf3 Nc6 3. Bb5 g6 4. Bxc6 dxc6 5. d3 Bg7 6. h3 b6
7. O-O Nf6 8. Nc3 O-O 9. Be3 Ne8 10. e5 f6 11. Re1 Nc7
12. exf6 exf6 13. Qd2 g5 14. Nh2 Nd5 15. Nxd5 Qxd5 16. f4 h6
17. Nf1 Qd6 18. Ng3 f5 19. c3 g4 20. Bf2 gxh3 21. gxh3 Kh7
22. Kh2 Be6 23. Re2 Bd5 24. Rae1 Rad8 25. Re7 Rd7 26. Rxd7
Qxd7 27. b3 Bf7 28. c4 Bf6 29. Re2 h5 30. Nf1 Rd8 31. Re3 Qd6
32. Rf3 h4 33. Qe3 Bh5 34. Nd2 Re8 35. Ne4 fxe4 36. dxe4 Qd1
0-1

[Event "Women's World Team Championship"]
[Site "Ekaterinburg RUS"]
[Date "2007.05.21"]
[EventDate "?"]
[Round "2"]
[Result "1-0"]
[White "Anna Ushenina"]
[Black "Olga Sikorova"]
[WhiteElo "2475"]
[BlackElo "2304"]
[PlyCount "73"]

1. e4 c5 2. Nf3 Nc6 3. d4 cxd4 4. Nxd4 g6 5. Nc3 Bg7 6. Nb3
Nf6 7. Be2 O-O 8. O-O d6 9. f4 Nd7 10. Nd5 e6 11. Ne3 Nc5
12. Nxc5 dxc5 13. c3 b6 14. Qc2 Ne7 15. a4 Qc7 16. Nc4 Bb7
17. Bd2 Rad8 18. Be1 Rd7 19. Bh4 Qc6 20. Bf3 Ba6 21. Be2 Qb7
22. Nd6 Rxd6 23. Bxa6 Qc7 24. f5 gxf5 25. Bg3 e5 26. exf5 f6
27. Bc4+ Kh8 28. Qe2 Nc6 29. Rae1 Na5 30. Be6 Rfd8 31. Qh5 Nb7
32. Re4 Rd2 33. Rh4 Bf8 34. Bf7 h6 35. Qg6 Rxg2+ 36. Kxg2 Rd2+
37. Kh3 1-0

[Event "Women's World Team Championship"]
[Site "Ekaterinburg RUS"]
[Date "2007.05.22"]
[EventDate "2007.05.20"]
[Round "3"]
[Result "1-0"]
[White "Anna Ushenina"]
[Black "Tuduetso Sabure"]
[WhiteElo "2475"]
[BlackElo "2067"]
[PlyCount "93"]

1. e4 c5 2. Nf3 Nc6 3. d4 cxd4 4. Nxd4 e5 5. Nb5 d6 6. c4 a6
7. N5c3 Nf6 8. Be2 Be7 9. Be3 Be6 10. O-O O-O 11. Na3 Qc7
12. Rc1 Qd8 13. Nc2 Rc8 14. f3 Na5 15. b3 b5 16. Nd5 Bxd5
17. cxd5 Nd7 18. Qd2 Nb7 19. Nb4 Nb8 20. Nc6 Qd7 21. Nxb8 Rxb8
22. Rc6 Ra8 23. Rfc1 Rfc8 24. Qc2 Rcb8 25. Rc7 Qe8 26. Qc6 Nc5
27. Qxe8+ Rxe8 28. b4 Na4 29. R1c6 Kf8 30. Kf1 Red8 31. Ba7
Ke8 32. Rxa6 Nb2 33. Bxb5+ Kf8 34. Rc2 Rdc8 35. Rxb2 Rc7
36. Be3 Rxa6 37. Bxa6 Rc3 38. Ke2 Bd8 39. a4 Ke7 40. Bb5 Bc7
41. a5 Ra3 42. a6 Bb8 43. Bd3 Kd7 44. b5 Kc8 45. b6 Rxa6
46. Bxa6+ Kd7 47. Rc2 1-0

[Event "Women's World Team Championship"]
[Site "Ekaterinburg RUS"]
[Date "2007.05.23"]
[EventDate "2007.05.20"]
[Round "4"]
[Result "1/2-1/2"]
[White "Anna Ushenina"]
[Black "Ketino Kachiani-Gersinska"]
[WhiteElo "2475"]
[BlackElo "2375"]
[PlyCount "55"]

1. e4 e5 2. Nf3 Nc6 3. Bb5 a6 4. Ba4 Nf6 5. O-O Be7 6. Re1 b5
7. Bb3 d6 8. c3 O-O 9. h3 Re8 10. Ng5 Rf8 11. Nf3 Re8 12. d4
Bb7 13. Nbd2 Bf8 14. a4 Na5 15. Bc2 b4 16. dxe5 dxe5 17. Qe2
h6 18. Nc4 Nxc4 19. Qxc4 a5 20. Bb3 Re6 21. cxb4 Bxb4 22. Rd1
Qc8 23. Qe2 Re8 24. Bc2 Nh5 25. Bb3 Nf6 26. Bc2 Nh5 27. Bb3
Nf6 28. Bc2 1/2-1/2

[Event "Women's World Team Championship"]
[Site "Ekaterinburg RUS"]
[Date "2007.05.26"]
[EventDate "2007.05.20"]
[Round "6"]
[Result "1/2-1/2"]
[White "Anna Ushenina"]
[Black "Nadezhda Kosintseva"]
[WhiteElo "2475"]
[BlackElo "2475"]
[PlyCount "65"]

1. d4 Nf6 2. c4 e6 3. Nf3 d5 4. Nc3 dxc4 5. e3 a6 6. a4 c5
7. Bxc4 Nc6 8. O-O Be7 9. Qe2 cxd4 10. Rd1 e5 11. exd4 exd4
12. Nxd4 Nxd4 13. Qe5 Qd6 14. Qxd6 Bxd6 15. Rxd4 Bc5 16. Rd1
O-O 17. Bg5 Be6 18. Bxe6 fxe6 19. Bxf6 gxf6 20. Ne4 Bb4
21. Rd4 a5 22. Rad1 Rac8 23. Rd7 Rf7 24. Rd8+ Rxd8 25. Rxd8+
Kg7 26. Nd6 Bxd6 27. Rxd6 Rc7 28. g3 Rc4 29. Rd7+ Kg6 30. Rxb7
Rxa4 31. Rb5 h5 32. Kg2 Ra2 33. b4 1/2-1/2

[Event "Women's World Team Championship"]
[Site "Ekaterinburg RUS"]
[Date "2007.05.28"]
[EventDate "2007.05.20"]
[Round "8"]
[Result "1/2-1/2"]
[White "Anna Ushenina"]
[Black "Lela Javakhishvili"]
[WhiteElo "2475"]
[BlackElo "2425"]
[PlyCount "36"]

1. d4 Nf6 2. c4 e6 3. Nf3 b6 4. g3 Ba6 5. Qc2 Bb7 6. Bg2 c5
7. d5 exd5 8. cxd5 Nxd5 9. O-O Be7 10. Rd1 Qc8 11. Bg5 h6
12. Bxe7 Nxe7 13. e4 O-O 14. Nc3 Nbc6 15. Rd2 Rd8 16. Bh3 Qb8
17. Rad1 Ng6 18. Nb5 Nge5 1/2-1/2

[Event "Women's World Team Championship"]
[Site "Ekaterinburg RUS"]
[Date "2007.05.29"]
[EventDate "2007.05.20"]
[Round "9"]
[Result "0-1"]
[White "Thanh Tu Le"]
[Black "Anna Ushenina"]
[WhiteElo "2306"]
[BlackElo "2475"]
[PlyCount "102"]

1. d4 Nf6 2. c4 g6 3. Nc3 d5 4. Nf3 Bg7 5. e3 O-O 6. Be2 c5
7. O-O cxd4 8. exd4 Nc6 9. h3 b6 10. a3 Bb7 11. Bg5 Ne4
12. cxd5 Nxc3 13. bxc3 Qxd5 14. Rc1 Qd6 15. Qa4 Rfc8 16. Rfd1
e6 17. Be3 Bf8 18. Ra1 Na5 19. Rdc1 Bc6 20. Qd1 Bd5 21. Nd2
Nc4 22. Nxc4 Bxc4 23. Bf3 Rab8 24. Qd2 Qd7 25. Bf4 Bd6 26. Bg5
Bd5 27. Be2 Qb7 28. Bf1 Bc4 29. h4 Qd5 30. h5 Bxf1 31. Kxf1
Rc4 32. h6 Rbc8 33. Bf4 Be7 34. Qb2 Qh5 35. Kg1 g5 36. Bg3
Qxh6 37. a4 Bd8 38. Ra3 Qf8 39. Rca1 Qe8 40. Qb5 Qc6 41. Be5
Be7 42. Rb3 Rxc3 43. a5 Qxb5 44. Rxb5 Rc1+ 45. Rxc1 Rxc1+
46. Kh2 Bd8 47. d5 Rc5 48. Rxc5 bxc5 49. Bb8 a6 50. d6 Kf8
51. Bc7 Ke8 0-1

[Event "1st Serbian Team Championship (Women)"]
[Site "Zlatibor"]
[Date "2007.08.21"]
[EventDate "?"]
[Round "2"]
[Result "1/2-1/2"]
[White "Anna Muzychuk"]
[Black "Anna Ushenina"]
[WhiteElo "2456"]
[BlackElo "2502"]
[PlyCount "63"]

1.e4 c6 2.d4 d5 3.e5 Bf5 4.Nc3 e6 5.g4 Bg6 6.Nge2 h5 7.Nf4 Ne7
8.Nxg6 Nxg6 9.gxh5 Ne7 10.Bg5 Nd7 11.Qg4 a6 12.O-O-O c5
13.dxc5 Nxe5 14.Qf4 Qc7 15.Qa4+ N7c6 16.f4 Nf3 17.Bh3 Nxg5
18.fxg5 Rxh5 19.Qg4 g6 20.Rxd5 Be7 21.Rdd1 Rd8 22.Ne4 Rxd1+
23.Rxd1 Qxh2 24.Bg2 Qe5 25.Kb1 Bxg5 26.Qf3 Be7 27.Nd6+ Bxd6
28.cxd6 Rf5 29.d7+ Kd8 30.Qh3 Rh5 31.Qf3 Rf5 32.Qh3 1/2-1/2

[Event "Slovenian Team Championship (Women)"]
[Site "Ljubljana"]
[Date "2007.11.29"]
[EventDate "?"]
[Round "4"]
[Result "1-0"]
[White "Anna Muzychuk"]
[Black "Anna Ushenina"]
[WhiteElo "2469"]
[BlackElo "2486"]
[PlyCount "80"]

1.e4 c6 2.d4 d5 3.e5 c5 4.c4 Nc6 5.Nf3 cxd4 6.Nxd4 dxc4 7.Nxc6
Qxd1+ 8.Kxd1 bxc6 9.Bxc4 g6 10.Nc3 Nh6 11.Ke2 Bg7 12.f4 g5
13.g3 gxf4 14.gxf4 f6 15.e6 Nf5 16.Rg1 Bh6 17.Be3 Rb8 18.Rab1
Nd6 19.Bb3 Rb4 20.Kf3 f5 21.Rbd1 c5 22.Bd5 Rxb2 23.Bxc5 Kf8
24.Ne2 Ba6 25.Nd4 Bg7 26.Rb1 Rd2 27.Rb8+ Nc8 28.Bc4 Bb7+
29.Ke3 Rb2 30.Nb3 Rc2 31.Bd3 Rxh2 32.Rxb7 Rh3+ 33.Ke2 Rh6
34.Rb8 Rxe6+ 35.Kf3 Rc6 36.Bxf5 Kf7 37.Rxg7+ Kxg7 38.Bd4+ Kf7
39.Bxh8 Nd6 40.Be6+ Kg6 1-0

[Event "Corus Group C"]
[Site "Wijk aan Zee NED"]
[Date "2008.01.18"]
[EventDate "2008.01.12"]
[Round "6"]
[Result "1-0"]
[White "Anna Ushenina"]
[Black "Zhaoqin Peng"]
[WhiteElo "2484"]
[BlackElo "2461"]
[PlyCount "137"]

1. d4 d5 2. c4 dxc4 3. Nf3 a6 4. e3 Bg4 5. Bxc4 e6 6. h3 Bh5
7. Qb3 Bxf3 8. gxf3 b5 9. Be2 Nf6 10. Bd2 Nbd7 11. Ba5 Qb8
12. Nd2 c5 13. dxc5 Bxc5 14. f4 O-O 15. Bf3 Ra7 16. a3 e5
17. f5 Re8 18. Ne4 Bb6 19. Bb4 Nxe4 20. Bxe4 Nf6 21. Bc6 Rd8
22. Rd1 Qc8 23. Rxd8+ Bxd8 24. Qd3 Rc7 25. Bf3 a5 26. Bc3 e4
27. Bxe4 Rd7 28. Bd4 Bb6 29. O-O Bxd4 30. exd4 h6 31. Bg2 b4
32. axb4 axb4 33. d5 Qc5 34. Rd1 Qd6 35. Qc4 Rc7 36. Qd3 Kh7
37. Qg3 Qc5 38. d6 Rd7 39. Qd3 Kg8 40. Qd4 Qc2 41. Ra1 b3
42. Ra8+ Kh7 43. Rb8 Qb1+ 44. Kh2 Qc2 45. Ra8 Qc1 46. Rf8 Nh5
47. Bd5 Qf4+ 48. Qxf4 Nxf4 49. Bxf7 g5 50. fxg6+ Nxg6
51. Bxg6+ Kxg6 52. Rb8 Rxd6 53. Rxb3 Kf5 54. Kg3 Rd4 55. Rb5+
Kf6 56. Rb6+ Kg5 57. b4 h5 58. h4+ Kf5 59. f3 Rc4 60. Rb5+ Kf6
61. Rb8 Rc3 62. b5 Rb3 63. b6 Rb4 64. b7 Kg7 65. f4 Rb3+
66. Kf2 Kh7 67. f5 Rb6 68. Ke3 Rb4 69. f6 1-0

[Event "Corus Group C"]
[Site "Wijk aan Zee NED"]
[Date "2008.01.19"]
[EventDate "2008.01.12"]
[Round "7"]
[Result "0-1"]
[White "Mark van der Werf"]
[Black "Anna Ushenina"]
[WhiteElo "2389"]
[BlackElo "2484"]
[PlyCount "154"]

1. d4 d5 2. Nf3 Nf6 3. c4 e6 4. Bg5 Bb4+ 5. Nc3 dxc4 6. e3 b5
7. a4 c6 8. Nd2 Bb7 9. axb5 Bxc3 10. bxc3 cxb5 11. Qb1 Qb6
12. Bxf6 gxf6 13. f3 Nd7 14. Be2 O-O 15. O-O Rfc8 16. Qe1 Kh8
17. Qh4 Rg8 18. Rfb1 Qc6 19. Rb2 Rg7 20. Rab1 a6 21. g3 Re8
22. e4 Rg6 23. Kg2 Nb6 24. Bd1 e5 25. d5 Qd6 26. g4 Bc8
27. Qf2 Nd7 28. Be2 Nc5 29. Kh1 Bd7 30. Qe3 Rc8 31. Ra1 Qf8
32. Rbb1 Qd6 33. Ra2 Qc7 34. Bd1 a5 35. Bc2 a4 36. Nf1 Nb3
37. Rd1 Qd6 38. Ng3 b4 39. cxb4 Qxb4 40. Ne2 c3 41. Rd3 Rgg8
42. Rxc3 Rxc3 43. Qxc3 Qb6 44. Bxb3 axb3 45. Rb2 Rb8 46. Kg2
h5 47. h3 hxg4 48. hxg4 Kg7 49. Nc1 Ba4 50. Ne2 Rb7 51. Ng3
Rc7 52. Qd2 Rc2 53. Rxc2 bxc2 54. Ne2 Qb1 55. Nc1 Qb2 56. Kf2
Kg6 57. Qe3 Bb5 58. Qd2 Ba4 59. Qe3 Qb4 60. f4 exf4 61. Qxf4
Qc3 62. Qe3 Qe5 63. Kg2 Bb5 64. Kg1 Kg7 65. Kg2 Bd7 66. Qe2
Qc3 67. Kh2 Bb5 68. Qf2 Qe5+ 69. Qg3 Qxe4 70. g5 f5 71. Qc3+
Kg8 72. Qc8+ Kh7 73. g6+ fxg6 74. Qb7+ Kh6 75. Qxb5 Qf4+
76. Kg2 Qxc1 77. Qe2 Qg5+ 0-1

[Event "Corus Group C"]
[Site "Wijk aan Zee NED"]
[Date "2008.01.20"]
[EventDate "2008.01.12"]
[Round "8"]
[Result "1-0"]
[White "Anna Ushenina"]
[Black "Dennis Ruijgrok"]
[WhiteElo "2484"]
[BlackElo "2329"]
[PlyCount "75"]

1. d4 Nf6 2. c4 g6 3. Nc3 d5 4. Bf4 Bg7 5. e3 O-O 6. Rc1 c6
7. Nf3 Be6 8. Ng5 Bf5 9. Qb3 Qb6 10. Qa3 Nbd7 11. cxd5 Nxd5
12. Nxd5 cxd5 13. Bc7 Rac8 14. Bxb6 Rxc1+ 15. Kd2 Rfc8 16. Bd3
Rxh1 17. Qxe7 Rf8 18. Bc7 Bxd3 19. Qxd7 Bf5 20. Qxd5 h6 21. g4
Rf1 22. Ke2 Bd3+ 23. Kxd3 hxg5 24. Qxb7 Rxf2 25. Bg3 Rf1
26. Qxa7 Rc8 27. b4 Rd1+ 28. Ke2 Rb1 29. Bd6 Rb2+ 30. Kd3 Rcc2
31. a4 Rc1 32. a5 Rb3+ 33. Ke4 Re1 34. a6 Rexe3+ 35. Kd5 Ra3
36. Qb8+ Kh7 37. a7 Red3 38. Bc5 1-0

[Event "Corus Group C"]
[Site "Wijk aan Zee NED"]
[Date "2008.01.22"]
[EventDate "2008.01.12"]
[Round "9"]
[Result "1-0"]
[White "Dimitri Reinderman"]
[Black "Anna Ushenina"]
[WhiteElo "2533"]
[BlackElo "2484"]
[PlyCount "123"]

1. c4 c5 2. Nf3 Nf6 3. Nc3 e6 4. g3 Nc6 5. Bg2 Be7 6. O-O a6
7. d4 cxd4 8. Nxd4 Qc7 9. b3 O-O 10. Bb2 b6 11. Rc1 Bb7
12. Nd5 Qd8 13. Nxe7+ Qxe7 14. Qd2 Na5 15. Rfd1 Bxg2 16. Kxg2
Nb7 17. f3 Rac8 18. e4 d6 19. Nc2 Rfd8 20. Ne3 Nd7 21. Rc2 Qg5
22. h4 Qg6 23. Qe2 Re8 24. Qf2 Rc6 25. Rcd2 Qh5 26. Nc2 Qc5
27. Qe2 Nf6 28. e5 dxe5 29. Ba3 Qa5 30. Bb4 Qxa2 31. Na1 Qxd2
32. Rxd2 a5 33. Bc3 a4 34. Bxe5 Na5 35. Bxf6 gxf6 36. bxa4
Rxc4 37. Ra2 Rd8 38. Nc2 Rc3 39. Ne3 Nb3 40. Nd1 Nc1 41. Nxc3
Nxe2 42. Nxe2 Rd3 43. Nf4 Rb3 44. Rc2 f5 45. Nh5 h6 46. Rc8+
Kh7 47. Nf6+ Kg7 48. Ne8+ Kf8 49. Nd6+ Ke7 50. Nb5 Rb2+
51. Kh3 Ra2 52. Rc4 h5 53. f4 f6 54. Rc7+ Kd8 55. Ra7 e5
56. Nd6 exf4 57. gxf4 Ra3+ 58. Kg2 Rd3 59. Nxf5 Kc8 60. a5 b5
61. a6 Rb3 62. Rb7 1-0

[Event "Corus Group C"]
[Site "Wijk aan Zee NED"]
[Date "2008.01.23"]
[EventDate "2008.01.12"]
[Round "10"]
[Result "1-0"]
[White "Anna Ushenina"]
[Black "Efstratios Grivas"]
[WhiteElo "2484"]
[BlackElo "2509"]
[PlyCount "110"]

1. d4 Nf6 2. c4 g6 3. Nc3 Bg7 4. g3 O-O 5. Bg2 d6 6. Nf3 Nbd7
7. O-O e5 8. h3 h6 9. e4 Nh7 10. Be3 Ng5 11. Nxg5 hxg5 12. d5
f5 13. exf5 gxf5 14. Qh5 g4 15. Bg5 Nf6 16. hxg4 fxg4 17. Bxf6
Qxf6 18. Be4 Qh6 19. Qxh6 Bxh6 20. Kg2 Kg7 21. Rh1 Bd7 22. Rh2
Rf6 23. Rah1 Raf8 24. Kf1 R8f7 25. Ke2 Bg5 26. Rh7+ Kf8
27. Rxf7+ Rxf7 28. Rh8+ Ke7 29. Rb8 b6 30. Rb7 Bc1 31. Nd1 Kd8
32. Rxa7 Kc8 33. Ra8+ Kb7 34. Rg8 b5 35. b3 bxc4 36. bxc4 Ba3
37. Ne3 Bc5 38. Bg6 Rf3 39. Be4 Rf7 40. Bg6 Rf6 41. Rg7 Bc8
42. Bh5 Kb6 43. Bxg4 Ba6 44. Bf3 Ka5 45. Be4 Kb4 46. Rxc7
Bxc4+ 47. Nxc4 Kxc4 48. f3 Rf8 49. Kf1 Ra8 50. Kg2 Rxa2+
51. Kh3 Kb4 52. Rg7 Be3 53. Kg4 Rh2 54. Kf5 Kc5 55. g4 Rh4 1-0

[Event "Corus Group C"]
[Site "Wijk aan Zee NED"]
[Date "2008.01.26"]
[EventDate "2008.01.12"]
[Round "12"]
[Result "0-1"]
[White "Anna Ushenina"]
[Black "Pontus Carlsson"]
[WhiteElo "2484"]
[BlackElo "2501"]
[PlyCount "86"]

1. d4 Nf6 2. c4 e6 3. g3 c5 4. d5 exd5 5. cxd5 b5 6. e4 Qe7
7. Bg2 d6 8. Qe2 b4 9. f4 Ba6 10. Qe3 g5 11. Ne2 Nbd7 12. e5
gxf4 13. gxf4 Rg8 14. Qh3 O-O-O 15. e6 fxe6 16. dxe6 Nb6
17. f5 Ng4 18. Nd2 Qf6 19. Be4 d5 20. Rg1 dxe4 21. Rxg4 Qxf5
22. Rg3 Qxh3 23. Rxh3 Re8 24. Nb3 Rxe6 25. Be3 Nc4 26. Bxc5
Nxb2 27. Bxf8 Rxf8 28. Rxh7 Nd3+ 29. Kd1 e3 30. Nbd4 Rf1+
31. Kc2 Rxa1 32. Nxe6 Rxa2+ 33. Kb3 Ra3+ 34. Kc2 Ra2+ 35. Kb3
Rxe2 36. Nd4 Rb2+ 37. Ka4 Nc5+ 38. Ka5 e2 39. Re7 Bc4 40. Nc6
Nb7+ 41. Ka4 Bd5 42. Nxb4 Be4 43. Rxe4 Nc5+ 0-1

[Event "Corus Group C"]
[Site "Wijk aan Zee NED"]
[Date "2008.01.27"]
[EventDate "2008.01.12"]
[Round "13"]
[Result "1-0"]
[White "Arik Braun"]
[Black "Anna Ushenina"]
[WhiteElo "2536"]
[BlackElo "2484"]
[PlyCount "65"]

1. Nf3 c5 2. c4 Nc6 3. Nc3 Nf6 4. d4 cxd4 5. Nxd4 e6 6. a3 d5
7. cxd5 Nxd5 8. Nxc6 bxc6 9. Bd2 Bc5 10. e3 O-O 11. Be2 Bd6
12. O-O Be5 13. Qc2 Rb8 14. Rab1 Qc7 15. g3 Nxc3 16. Bxc3 c5
17. Bf3 Bb7 18. Bxb7 Rxb7 19. Rfc1 Rc8 20. Qe4 Bxc3 21. Rxc3
Qb8 22. Qc2 Rb5 23. a4 Rb4 24. Rxc5 Rxc5 25. Qxc5 Rxa4 26. Rd1
h6 27. Qe7 Qb5 28. h4 Qc6 29. Kh2 Ra2 30. Rd7 Qf3 31. Qe8+ Kh7
32. Rxf7 Qg4 33. Rf8 1-0

[Event "Moscow Open"]
[Site "Moscow"]
[Date "2008.02.08"]
[EventDate "?"]
[Round "7"]
[Result "1-0"]
[White "Anna Muzychuk"]
[Black "Anna Ushenina"]
[WhiteElo "2475"]
[BlackElo "2502"]
[PlyCount "57"]

1. e4 c6 2. Nc3 d5 3. d3 g6 4. f4 Bg7 5. Nf3 Nh6 6. g3 O-O
7. Bg2 dxe4 8. Nxe4 Qb6 9. c3 Nf5 10. Qe2 Be6 11. g4 Nd6
12. Be3 Qa5 13. Nd4 Bd5 14. O-O Qa6 15. Nc5 Qa5 16. b4 Qc7
17. f5 Bxg2 18. Qxg2 Nd7 19. Bf4 Qd8 20. Rae1 Nxc5 21. bxc5
Nc8 22. Be5 Qa5 23. fxg6 hxg6 24. Bxg7 Kxg7 25. Qf2 Qd8
26. Re3 Kg8 27. Rf3 Qd7 28. Rxf7 Qxg4+ 29. Kh1 1-0

[Event "Moscow Open"]
[Site "Moscow"]
[Date "2008.02.09"]
[EventDate "?"]
[Round "8"]
[Result "0-1"]
[White "Anastasia Bodnaruk"]
[Black "Anna Ushenina"]
[WhiteElo "2331"]
[BlackElo "2502"]
[PlyCount "70"]

1. e4 e5 2. Nf3 Nc6 3. Bc4 Nf6 4. d3 Be7 5. c3 O-O 6. O-O d6
7. Re1 Na5 8. Bb5 a6 9. Ba4 b5 10. Bc2 c5 11. Nbd2 Nc6 12. Nf1
Nd7 13. Ne3 Nb6 14. d4 cxd4 15. cxd4 Bf6 16. d5 Ne7 17. Bd3 g6
18. b3 Bd7 19. Bd2 a5 20. Qe2 Qe8 21. Rec1 Ra7 22. Nc2 Na8
23. Qe1 Qd8 24. Na3 b4 25. Nc4 Bg4 26. Qe3 Rb7 27. a3 a4
28. Bxb4 axb3 29. Rab1 Bxf3 30. Qxf3 Bg5 31. Rf1 Rd7 32. Rxb3
f5 33. Qe2 fxe4 34. Bxe4 Nc8 35. Bd2 Nc7 0-1

[Event "Isbank Ataturk Women Masters"]
[Site "Istanbul"]
[Date "2008.03.11"]
[EventDate "2008.??.??"]
[Round "1"]
[Result "0-1"]
[White "Anna Ushenina"]
[Black "Yifan Hou"]
[WhiteElo "2502"]
[BlackElo "2527"]
[PlyCount "120"]

1. e4 e6 2. d4 d5 3. Nd2 c5 4. exd5 Qxd5 5. dxc5 Bxc5 6. Ngf3
Nf6 7. Bc4 Qd8 8. Qe2 O-O 9. O-O Nc6 10. Nb3 Be7 11. Bf4 Nh5
12. Bd2 Qc7 13. Rfe1 Bd7 14. Bd3 Nf6 15. c3 h6 16. Rad1 e5
17. Bc1 Rfe8 18. Qc2 Bf8 19. Nbd2 Be6 20. h3 Rac8 21. Qb1 g6
22. Ne4 Nxe4 23. Bxe4 Bg7 24. Bd5 Bf5 25. Be4 Bxe4 26. Qxe4 f5
27. Qd5+ Kh7 28. Qd6 e4 29. Qxc7 Rxc7 30. Re2 b5 31. Ne1 b4
32. Bf4 Rb7 33. cxb4 Rxb4 34. b3 g5 35. Bc1 Rd4 36. Red2 Rc8
37. Rxd4 Nxd4 38. Be3 Nc6 39. g3 a6 40. Rd5 Kg6 41. Rd6+ Kf7
42. Kf1 Bf8 43. Rd7+ Ke6 44. Rb7 Nb4 45. Bd2 Nd5 46. a4 f4
47. gxf4 gxf4 48. Ra7 Rc6 49. Ng2 Bd6 50. Rh7 Rc2 51. Rxh6+
Kd7 52. Ke1 Rb2 53. Rh7+ Kc6 54. Kd1 Rb1+ 55. Kc2 Rf1 56. Rg7
Rxf2 57. Kd1 f3 58. Ne3 Rxd2+ 59. Kxd2 Bb4+ 60. Kc1 Nxe3 0-1

[Event "Isbank Ataturk Women Masters"]
[Site "Istanbul"]
[Date "2008.03.12"]
[EventDate "2008.??.??"]
[Round "2"]
[Result "1-0"]
[White "Zhao Xue"]
[Black "Anna Ushenina"]
[WhiteElo "2440"]
[BlackElo "2502"]
[PlyCount "71"]

1. c4 c5 2. Nf3 Nf6 3. Nc3 e6 4. g3 Nc6 5. Bg2 d5 6. cxd5 Nxd5
7. O-O Be7 8. d4 O-O 9. Nxd5 exd5 10. Be3 c4 11. Ne5 Bf5
12. Qa4 Nb4 13. g4 Bc2 14. Qb5 f6 15. Nd7 a6 16. Qxb7 Ba4
17. Nxf8 Kxf8 18. Bf4 Rc8 19. a3 Bc6 20. Qa7 Nc2 21. Rad1 Qa5
22. e3 c3 23. Rc1 Qa4 24. bxc3 Nxa3 25. Ra1 Qb5 26. Rfc1 Bb7
27. c4 Qb2 28. c5 Bd8 29. Bd6+ Ke8 30. c6 Rxc6 31. Bxa3 Rxc1+
32. Rxc1 Qxa3 33. Rb1 Bc6 34. Qxg7 Qd3 35. Rc1 Bb5 36. Bxd5
1-0

[Event "Isbank Ataturk Women Masters"]
[Site "Istanbul"]
[Date "2008.03.13"]
[EventDate "2008.??.??"]
[Round "3"]
[Result "0-1"]
[White "Anna Ushenina"]
[Black "Dronavalli Harika"]
[WhiteElo "2502"]
[BlackElo "2491"]
[PlyCount "86"]

1. e4 c5 2. Nf3 d6 3. d4 cxd4 4. Nxd4 Nf6 5. Nc3 a6 6. Bg5 e6
7. f4 Qb6 8. Qd2 Nc6 9. Bxf6 gxf6 10. Nb3 Bd7 11. O-O-O O-O-O
12. Kb1 Kb8 13. Be2 h5 14. Bf3 Rc8 15. Qe2 h4 16. Bh5 Rh7
17. Bg4 Rc7 18. Qf3 Na5 19. f5 Nc4 20. fxe6 fxe6 21. Qxf6 Bg7
22. Qg6 Bxc3 23. bxc3 Bc8 24. Bxe6 Rhg7 25. Qf6 Bxe6 26. Qxe6
Rxg2 27. Qe8+ Ka7 28. Qa4 Nd2+ 29. Kb2 Rc4 30. Qa5 Qxa5
31. Nxa5 Ra4 32. Nb3 Nc4+ 33. Ka1 Rxc2 34. Nc1 Nd2 35. Rhe1
Nxe4 36. Re2 Raxa2+ 37. Nxa2 Rxe2 38. Rd4 d5 39. Nc1 Rxh2
40. c4 Rc2 41. Na2 Rxc4 42. Rxd5 Nc3 43. Nxc3 Rxc3 0-1

[Event "Isbank Ataturk Women Masters"]
[Site "Istanbul"]
[Date "2008.03.15"]
[EventDate "2008.??.??"]
[Round "5"]
[Result "0-1"]
[White "Anna Ushenina"]
[Black "Ekaterina Polovnikova-Atalik"]
[WhiteElo "2502"]
[BlackElo "2414"]
[PlyCount "147"]

1. e4 e5 2. Nf3 Nc6 3. Bb5 a6 4. Ba4 Nf6 5. Qe2 b5 6. Bb3 Bc5
7. O-O O-O 8. d3 d6 9. c3 h6 10. Rd1 Re8 11. h3 Bb6 12. Nbd2
Be6 13. Bc2 Nh5 14. Nf1 Qf6 15. N3h2 Ne7 16. Qf3 Nf4 17. Bxf4
exf4 18. a4 Ng6 19. d4 Qg5 20. Qd3 Nh4 21. g4 fxg3 22. Qxg3
Bxh3 23. Ne3 Be6 24. Nhg4 Ng6 25. axb5 axb5 26. Rxa8 Rxa8
27. Nf5 Re8 28. Bd3 Bd7 29. Kf1 d5 30. f3 dxe4 31. fxe4 Bxf5
32. exf5 Nh4 33. Kf2 Nxf5 34. Nxh6+ Qxh6 35. Bxf5 Qf6 36. Qf3
b4 37. Rh1 g6 38. Bd3 Qxf3+ 39. Kxf3 bxc3 40. bxc3 Kg7 41. Bb5
Ra8 42. Ke4 f5+ 43. Kd5 Rd8+ 44. Ke5 c5 45. dxc5 Bxc5 46. Bc6
Bf2 47. Rh3 Bb6 48. Bd5 Bc7+ 49. Kd4 Bb6+ 50. Ke5 Re8+ 51. Kd6
Kf6 52. c4 Be3 53. Rh7 f4 54. Rd7 Rc8 55. Rf7+ Kg5 56. Kd7 Rb8
57. Kc7 Rb6 58. Re7 Rf6 59. Bf3 Kh4 60. Re5 g5 61. c5 g4
62. Bd1 Bxc5 63. Rxc5 f3 64. Rc4 Kg3 65. Kd7 Rf4 66. Rc1 f2
67. Be2 Re4 68. Bb5 Re1 69. Rc3+ Kh4 70. Kd6 f1=Q 71. Bxf1
Rxf1 72. Ke5 g3 73. Rc2 Kh3 74. Ke4 0-1

[Event "Isbank Ataturk Women Masters"]
[Site "Istanbul"]
[Date "2008.03.16"]
[EventDate "2008.??.??"]
[Round "6"]
[Result "1/2-1/2"]
[White "Lela Javakhishvili"]
[Black "Anna Ushenina"]
[WhiteElo "2474"]
[BlackElo "2502"]
[PlyCount "53"]

1. d4 Nf6 2. c4 g6 3. Nc3 d5 4. Bg5 Ne4 5. Bf4 Nxc3 6. bxc3
Bg7 7. e3 O-O 8. Nf3 c5 9. cxd5 Qxd5 10. Be2 cxd4 11. cxd4 Nc6
12. O-O Bf5 13. Qa4 Qa5 14. Qxa5 Nxa5 15. Rfc1 Rfc8 16. Nd2
Rxc1+ 17. Rxc1 Rc8 18. Rxc8+ Bxc8 19. d5 Bc3 20. Nb1 Bb4
21. e4 f5 22. Bb8 Bc5 23. e5 e6 24. Bc7 b6 25. Nc3 exd5
26. Nxd5 Be6 27. Nc3 1/2-1/2

[Event "Isbank Ataturk Women Masters"]
[Site "Istanbul"]
[Date "2008.03.20"]
[EventDate "2008.??.??"]
[Round "9"]
[Result "1/2-1/2"]
[White "Pia Cramling"]
[Black "Anna Ushenina"]
[WhiteElo "2535"]
[BlackElo "2502"]
[PlyCount "22"]

1. d4 Nf6 2. Nf3 g6 3. Bf4 Bg7 4. e3 O-O 5. Be2 d6 6. h3 c5
7. c3 cxd4 8. exd4 Nd5 9. Bh2 Nc6 10. O-O e5 11. Nbd2 Re8
1/2-1/2